01164 a2200241 4500003000500000005001700005010001700022020002600039040000900065082001600074100002900090245008600119260003600205300003500241490004700276505036600323650002400689650002600713700002800739942001200767999001900779952012400798Nust20230819091636.0 a 2010048281 a9780470540640 (cloth) cNust00a519.55, BIS1 aBisgaard, Soren,911418110aTime series analysis and forecasting by example /cSoren Bisgaard, Murat Kulahci. aHoboken, N.J. :bWiley,cc2011. axiii, 366 p. :bill. ;c25 cm.0 aWiley series in probability and statistics aTime Series Data Examples and Basic Concepts (Page-1), Visualizing Time Series Data Structure Graphical Tools (Page-21), Stationary Models (Page-47), No station Models (Page-79),Seasonal Models (Page-111), Time Series Model Selection (Page-135), Additional Issues in Anima Models (Page-177), Transfer Function Models (Page-203), Additional Topics (Page-263).  0aForecasting.925884 0aTime-series analysis.1 aKulahci, Murat.9114182 2ddccBK c189276d189276 00102ddc4070aMCSbMCScGENd2016-12-12o519.55,BISpMCS35068r2016-12-08w2016-12-12yBKzAlmirah No.14, Shelf No.6